[Event "Vienna Chess Open 2013"]
[Site "Großer Festsaal im Wiener Rat"]
[Date "2013.08.20"]
[Round "4.4"]
[White "Shengelia, David"]
[Black "Moser, Eva"]
[Result "0-1"]
[WhiteElo "2433"]
[BlackElo "2565"]
[PlyCount "120"]
[EventDate "2013.??.??"]

1. g3 e5 2. Bg2 d5 3. d3 Nc6 4. c3 Be6 5. Nd2 Qd7 6. b4 f6 7. Nb3 h5 8. h4 Nh6
9. Nc5 Bxc5 10. bxc5 Ng4 11. Nf3 Qe7 12. d4 e4 13. Nh2 Nxh2 14. Rxh2 Qd7 15.
Qa4 b6 16. f3 f5 17. Bf4 Na5 18. Qxd7+ Kxd7 19. e3 bxc5 20. dxc5 Nb7 21. fxe4
dxe4 22. Bf1 Kc6 23. Rb1 a6 24. Be5 Rhg8 25. Rb4 Nxc5 26. Rd2 g6 27. Bc4 Rab8
28. Bxe6 Nxe6 29. Rc4+ Kb5 30. Rb4+ Kc5 31. Bd4+ Nxd4 32. Rbxd4 Rb1+ 33. Kf2
Rgb8 34. Rd5+ Kc6 35. Re5 R8b2 36. Re6+ Kc5 37. Ke2 Rxd2+ 38. Kxd2 Rb2+ 39. Kc1
Rxa2 40. Rxg6 Kc4 41. Kb1 Re2 42. Rxa6 Rxe3 43. Rf6 Rxg3 44. Rxf5 Rxc3 45. Rxh5
e3 46. Re5 Kd4 47. Re7 Rc5 48. Kb2 Kd3 49. Rd7+ Ke4 50. Re7+ Kf3 51. Rf7+ Kg3
52. h5 Rxh5 53. Kc2 Rd5 54. Rxc7 e2 55. Rg7+ Kf2 56. Rf7+ Ke1 57. Rf8 Rc5+ 58.
Kb3 Kd2 59. Rd8+ Ke3 60. Re8+ Kd3 0-1

[Event "Vienna Chess Open 2013"]
[Site "Großer Festsaal im Wiener Rat"]
[Date "2013.08.20"]
[Round "4.5"]
[White "Kaufeld, Juergen"]
[Black "Novikov, Stanislav"]
[Result "0-1"]
[WhiteElo "2545"]
[BlackElo "2348"]
[PlyCount "68"]
[EventDate "2013.??.??"]

1. d4 Nf6 2. Nf3 g6 3. c4 Bg7 4. g3 O-O 5. Bg2 d6 6. O-O c6 7. Nc3 Qb6 8. c5
dxc5 9. Na4 Qb5 10. Nxc5 Na6 11. a4 Qb6 12. a5 Qb5 13. Nxa6 Qxa6 14. Re1 Be6
15. e4 Rad8 16. Qa4 Qc4 17. Qa3 Bg4 18. Qxe7 Rfe8 19. Qa3 Nxe4 20. Ne5 Bxe5 21.
dxe5 Nd2 22. Qe3 Nb3 23. Ra3 Bd1 24. Rxb3 Bxb3 25. h4 Rd1 26. Rxd1 Bxd1 27. Qg5
Bb3 28. h5 Qc2 29. hxg6 hxg6 30. Bf4 Bd5 31. Bxd5 cxd5 32. e6 Qb1+ 33. Kh2 Qf5
34. exf7+ Kxf7 0-1

[Event "Vienna Chess Open 2013"]
[Site "Großer Festsaal im Wiener Rat"]
[Date "2013.08.20"]
[Round "4.6"]
[White "Brühl, Andreas"]
[Black "Sipila, Vilka"]
[Result "1-0"]
[WhiteElo "2474"]
[BlackElo "2343"]
[PlyCount "51"]
[EventDate "2013.??.??"]

1. d4 d5 2. c4 e6 3. Nc3 Be7 4. Nf3 Nf6 5. Bg5 h6 6. Bxf6 Bxf6 7. e3 O-O 8. Rc1
b6 9. cxd5 exd5 10. Be2 Re8 11. O-O Be6 12. b4 c6 13. Na4 Qd6 14. b5 Rc8 15.
Nc3 Qa3 16. e4 dxe4 17. Nxe4 Be7 18. Ne5 cxb5 19. Rxc8+ Bxc8 20. Bxb5 Ba6 21.
Be8 Bxf1 22. Bxf7+ Kh7 23. Qg4 g5 24. Qf5+ Kh8 25. Qg6 Be2 26. Qg8# 1-0

[Event "Vienna Chess Open 2013"]
[Site "Großer Festsaal im Wiener Rat"]
[Date "2013.08.20"]
[Round "4.7"]
[White "Akesson, Ralf"]
[Black "Srienz, Christian"]
[Result "1/2-1/2"]
[WhiteElo "2312"]
[BlackElo "2455"]
[PlyCount "87"]
[EventDate "2013.??.??"]

1. Nf3 Nf6 2. c4 e6 3. g3 a6 4. d3 b5 5. e4 Nc6 6. e5 Ng4 7. cxb5 axb5 8. d4
Bb7 9. Bg2 h5 10. O-O Be7 11. Nc3 h4 12. Nxh4 Nxh2 13. Kxh2 Bxh4 14. Kg1 Be7
15. Qg4 Bf8 16. d5 Nxe5 17. Qe2 Qf6 18. Bf4 Bd6 19. Rfe1 Ng6 20. Bxd6 cxd6 21.
Nxb5 O-O 22. Nxd6 Bxd5 23. Bxd5 exd5 24. Nb5 d4 25. Qe4 d3 26. Nc3 d2 27. Re2
d5 28. Qxd5 Rad8 29. Qe4 Rd4 30. Qe3 Rfd8 31. Rd1 Rd3 32. Qe4 R3d4 33. Qg2 Ne5
34. f4 Nc4 35. b3 Rd3 36. Ne4 Qd4+ 37. Qf2 Re3 38. Rxe3 Nxe3 39. Rxd2 Qa1+ 40.
Kh2 Ng4+ 41. Kg2 Nxf2 42. Rxd8+ Kh7 43. Nxf2 Qxa2 44. Rd3 1/2-1/2

[Event "Vienna Chess Open 2013"]
[Site "Großer Festsaal im Wiener Rat"]
[Date "2013.08.20"]
[Round "4.8"]
[White "Fauland, Alexander"]
[Black "Nuri, Kambez"]
[Result "1/2-1/2"]
[WhiteElo "2244"]
[BlackElo "2447"]
[PlyCount "148"]
[EventDate "2013.??.??"]

1. Nf3 Nf6 2. g3 g6 3. b3 Bg7 4. Bb2 d6 5. d4 c5 6. Bg2 cxd4 7. Nxd4 d5 8. c4
dxc4 9. bxc4 O-O 10. O-O a6 11. Nc3 Nbd7 12. Na4 Nb6 13. Rc1 e5 14. Nxb6 Qxb6
15. Qb3 Qc7 16. Nf3 Ne4 17. c5 Be6 18. Qb6 Rac8 19. Nxe5 Nxc5 20. Qxc7 Rxc7 21.
Bd4 Rfc8 22. Rfd1 Bxa2 23. Rxc5 Rxc5 24. Bxc5 Bxe5 25. Bb6 Be6 26. f4 Bf6 27.
Kf2 Kg7 28. Rb1 Bf5 29. Rb4 Be7 30. Bd4+ Kg8 31. Rxb7 Bc5 32. Bxc5 Rxc5 33. Ke3
Be6 34. Bf3 h5 35. Ra7 a5 36. Kd4 Rb5 37. e4 Bg4 38. Bg2 Rb2 39. Bf1 Be2 40.
Bh3 Bg4 41. Bxg4 hxg4 42. Rxa5 Kg7 43. Rg5 Rxh2 44. Rxg4 Kf6 45. Rg5 Rd2+ 46.
Ke3 Ra2 47. Rd5 Ke6 48. Re5+ Kf6 49. Kf3 Ra3+ 50. Kg4 Re3 51. Re8 Kg7 52. e5
Kh7 53. Re7 Kg7 54. Re8 Kh7 55. Kh4 Rf3 56. Re7 Kg8 57. Rb7 Re3 58. g4 Re1 59.
Kg5 Kg7 60. Rb6 Re2 61. Kh4 Re3 62. g5 Re1 63. Kg3 Re3+ 64. Kf2 Re4 65. Kf3 Re1
66. Rd6 Rf1+ 67. Ke3 Re1+ 68. Kd3 Kf8 69. Ra6 Ke7 70. Kd4 Rd1+ 71. Ke3 Re1+ 72.
Kf2 Re4 73. Kf3 Re1 74. Rf6 Ke8 1/2-1/2

[Event "Vienna Chess Open 2013"]
[Site "Großer Festsaal im Wiener Rat"]
[Date "2013.08.20"]
[Round "4.9"]
[White "Higatsberger, Michael"]
[Black "Poetsch, Hagen"]
[Result "0-1"]
[WhiteElo "2446"]
[BlackElo "2178"]
[PlyCount "60"]
[EventDate "2013.??.??"]

1. e4 d5 2. exd5 Qxd5 3. Nc3 Qa5 4. d4 Nf6 5. Bc4 Bg4 6. f3 Bf5 7. Nge2 e6 8.
Bd2 Qb6 9. Na4 Qc6 10. Bb3 Be7 11. Nac3 O-O 12. O-O Rd8 13. Qe1 a5 14. a4 Qb6
15. Kh1 Nc6 16. Nb5 Nb4 17. Na3 c5 18. Ng3 Bg6 19. Bxb4 Qxb4 20. dxc5 Qxc5 21.
Qe2 h5 22. Qb5 Qxb5 23. Nxb5 Rac8 24. Rf2 h4 25. Nf1 Nd7 26. c3 Ne5 27. Bc2 Bc5
28. Re2 Nd3 29. Nd4 Bxd4 30. cxd4 Nf4 0-1

[Event "Vienna Chess Open 2013"]
[Site "Großer Festsaal im Wiener Rat"]
[Date "2013.08.20"]
[Round "4.10"]
[White "Hawkins, Jonathan"]
[Black "Wukits, Rene"]
[Result "1-0"]
[WhiteElo "2294"]
[BlackElo "2521"]
[PlyCount "77"]
[EventDate "2013.??.??"]

1. Nf3 Nf6 2. c4 c5 3. g3 b6 4. Bg2 Bb7 5. Nc3 e6 6. O-O Be7 7. b3 a6 8. Bb2 d6
9. d4 cxd4 10. Qxd4 Nbd7 11. e4 Qc7 12. Rac1 O-O 13. Qe3 Rfe8 14. Rfe1 Rac8 15.
h3 Qb8 16. Nd2 Qa8 17. a3 Bf8 18. Qe2 g6 19. b4 Bg7 20. Kh2 Qb8 21. f4 h5 22.
Qf2 b5 23. cxb5 axb5 24. Nxb5 h4 25. gxh4 e5 26. Nc4 Rxc4 27. Rxc4 Ba6 28. a4
exf4 29. Rc6 Bxb5 30. axb5 Qxb5 31. Rxd6 f3 32. Bxf3 Qb8 33. Red1 Bf8 34. e5
Rxe5 35. Bxe5 Nxe5 36. Rd8 Nxf3+ 37. Kg2 Qxb4 38. Qxf3 Kg7 39. R8d4 1-0

[Event "Vienna Chess Open 2013"]
[Site "Großer Festsaal im Wiener Rat"]
[Date "2013.08.20"]
[Round "4.12"]
[White "Krivoborodov, Egor"]
[Black "Esposito, Luca"]
[Result "1-0"]
[WhiteElo "2277"]
[BlackElo "2502"]
[PlyCount "45"]
[EventDate "2013.??.??"]

1. e4 c5 2. Nf3 e6 3. d4 cxd4 4. Nxd4 Nc6 5. Nc3 Qc7 6. f4 a6 7. Nxc6 Qxc6 8.
Bd3 Nf6 9. Qe2 b5 10. Bd2 Bb7 11. e5 b4 12. exf6 bxc3 13. Bxc3 g6 14. O-O Bc5+
15. Kh1 O-O 16. Rae1 d5 17. Be5 Rfc8 18. Qg4 a5 19. h4 Ba6 20. h5 Kf8 21. f5
gxf5 22. Qg7+ Ke8 23. Qxh7 1-0

[Event "Vienna Chess Open 2013"]
[Site "Großer Festsaal im Wiener Rat"]
[Date "2013.08.20"]
[Round "4.13"]
[White "Kim, Alexey"]
[Black "Kirschner, Alexander"]
[Result "1-0"]
[WhiteElo "2276"]
[BlackElo "2477"]
[PlyCount "71"]
[EventDate "2013.??.??"]

1. e4 e6 2. d4 d5 3. Nc3 Bb4 4. e5 c5 5. a3 Bxc3+ 6. bxc3 Qa5 7. Bd2 Qa4 8. Qg4
g6 9. Qf4 c4 10. Kd1 Nc6 11. h4 h6 12. Qg3 Nge7 13. h5 g5 14. f4 Nf5 15. Qf3
gxf4 16. Qxf4 Bd7 17. g4 Nfe7 18. Nf3 O-O-O 19. Qf6 Rh7 20. g5 Ng8 21. Qf4 Nge7
22. gxh6 Rdh8 23. Be2 Nd8 24. Ng5 Rxh6 25. Nxf7 Nxf7 26. Qxf7 R6h7 27. Qf6 Nf5
28. Rg1 Qa5 29. Kc1 Kc7 30. Bg4 Ne3 31. Bxe6 Rh6 32. Rg6 Rxh5 33. Bxd7 Rh1+ 34.
Kb2 Rxa1 35. Qd6+ Kd8 36. Bc6+ 1-0

[Event "Vienna Chess Open 2013"]
[Site "Großer Festsaal im Wiener Rat"]
[Date "2013.08.20"]
[Round "4.14"]
[White "Arkell, Keith"]
[Black "Ganaus, Hannes"]
[Result "1/2-1/2"]
[WhiteElo "2269"]
[BlackElo "2444"]
[PlyCount "131"]
[EventDate "2013.??.??"]

1. c4 Nf6 2. Nf3 g6 3. d4 Bg7 4. g3 O-O 5. Bg2 d6 6. O-O Nc6 7. Nc3 a6 8. b3
Rb8 9. Nd5 Nxd5 10. cxd5 Nb4 11. e4 f5 12. Ng5 h6 13. Ne6 Bxe6 14. dxe6 c5 15.
exf5 gxf5 16. Bb2 cxd4 17. a3 Nc6 18. Rc1 Qb6 19. Rc4 d5 20. Bxd5 Rbd8 21. Bxc6
bxc6 22. b4 Rd6 23. Rc5 d3 24. Bxg7 Kxg7 25. Qd2 a5 26. Rxa5 Qd4 27. Re1 Rf6
28. Rae5 Qc4 29. Rc5 Qd4 30. Rce5 Qc4 31. Kg2 f4 32. Rc5 Qd4 33. Rce5 Qc4 34.
R5e4 f3+ 35. Kh3 Rd4 36. Rxd4 Qxd4 37. g4 Rg6 38. Rg1 Rxe6 39. Rc1 Rg6 40. Rg1
e5 41. Kh4 e4 42. h3 Qe5 43. Rc1 Qg5+ 44. Qxg5 hxg5+ 45. Kg3 Rf6 46. Rd1 Kf7
47. a4 Ke6 48. a5 Ke5 49. a6 Rf7 50. Rc1 Ra7 51. Rc5+ Kd6 52. Rc4 Rxa6 53. Rxe4
Kd5 54. Re8 Kc4 55. Kxf3 Kc3 56. Re6 Kc2 57. Rd6 Ra3 58. Rxc6+ Kd1 59. Ke4 d2
60. Rd6 Rxh3 61. f4 gxf4 62. Kxf4 Ke2 63. Rxd2+ Kxd2 64. g5 Rb3 65. g6 Rxb4+
66. Kf5 1/2-1/2

[Event "Vienna Chess Open 2013"]
[Site "Großer Festsaal im Wiener Rat"]
[Date "2013.08.20"]
[Round "4.15"]
[White "Beshukov, Sergei"]
[Black "Visser, Henk-Jan"]
[Result "0-1"]
[WhiteElo "2262"]
[BlackElo "2441"]
[PlyCount "98"]
[EventDate "2013.??.??"]

1. c4 e5 2. Nc3 Nf6 3. e3 Bb4 4. Qc2 Bxc3 5. Qxc3 Qe7 6. a3 d5 7. cxd5 Nxd5 8.
Qb3 Nb6 9. Qc2 a5 10. Nf3 O-O 11. d3 a4 12. b4 axb3 13. Qxb3 Na4 14. Be2 c5 15.
O-O Be6 16. Qc2 Nc6 17. Rb1 Rfb8 18. Bd2 Bd7 19. Rfc1 Kh8 20. Be1 f6 21. Nd2
Nd8 22. Nb3 Rc8 23. Bf3 Rab8 24. Nd2 b6 25. Bd5 Ne6 26. Ne4 Be8 27. Bb3 Ra8 28.
Qa2 Bf7 29. Bc4 Nd8 30. Qc2 Be8 31. Bb5 Bxb5 32. Rxb5 Qd7 33. Rcb1 Nf7 34. Nc3
Nd6 35. Nxa4 Nxb5 36. Nxb6 Nxa3 37. Qb3 Qd8 38. Nxa8 Nxb1 39. Nb6 Rb8 40. Ba5
e4 41. Qxb1 exd3 42. Qd1 h6 43. Nc4 Qd5 44. Nd2 Qa2 45. Bc3 Qa3 46. Ne4 f5 47.
h3 fxe4 48. Bxg7+ Kxg7 49. Qg4+ Kh8 0-1

[Event "Vienna Chess Open 2013"]
[Site "Großer Festsaal im Wiener Rat"]
[Date "2013.08.20"]
[Round "4.16"]
[White "Pöttinger, Harald"]
[Black "Drozdowski, Kacper"]
[Result "0-1"]
[WhiteElo "2437"]
[BlackElo "2256"]
[PlyCount "24"]
[EventDate "2013.??.??"]

1. c4 Nf6 2. g3 c6 3. Bg2 d5 4. Nf3 dxc4 5. O-O Nbd7 6. Na3 Nb6 7. Qc2 Qd5 8.
Qc3 Be6 9. d3 cxd3 10. Ng5 dxe2 11. Re1 Qd7 12. Rxe2 Bd5 0-1

[Event "Vienna Chess Open 2013"]
[Site "Großer Festsaal im Wiener Rat"]
[Date "2013.08.20"]
[Round "4.17"]
[White "Fröwis, Georg"]
[Black "Spornberger, Maximilian"]
[Result "1-0"]
[WhiteElo "2250"]
[BlackElo "2432"]
[PlyCount "97"]
[EventDate "2013.??.??"]

1. d4 g6 2. g3 Bg7 3. Bg2 d6 4. e4 Nc6 5. Ne2 e5 6. Be3 Nf6 7. h3 O-O 8. O-O
exd4 9. Nxd4 Bd7 10. Nc3 Re8 11. Re1 Qc8 12. Kh2 Re5 13. f3 Rh5 14. h4 Ne5 15.
Kg1 h6 16. b3 a6 17. Qd2 c5 18. Nde2 g5 19. hxg5 hxg5 20. Bxg5 Bh3 21. Bh4 Bxg2
22. Kxg2 Nxf3 23. Kxf3 Qg4+ 24. Kf2 Nxe4+ 25. Nxe4 Qxe4 26. c3 Rxh4 27. gxh4
Qxh4+ 28. Kf3 Qh5+ 29. Kg2 Be5 30. Ng3 Qg6 31. Rxe5 dxe5 32. Rh1 Re8 33. Rh5
Kf8 34. Rh8+ Ke7 35. Rh6 Rd8 36. Qxd8+ Kxd8 37. Rxg6 fxg6 38. Kf3 Ke7 39. Ne4
b6 40. c4 Ke6 41. Kg4 Kf7 42. Kg5 Kg7 43. Nd6 e4 44. Nxe4 Kf7 45. Kf4 Ke6 46.
Ng5+ Kd6 47. a4 Kc6 48. Ke5 b5 49. a5 {Kd5+  Ke4+} 1-0

[Event "Vienna Chess Open 2013"]
[Site "Großer Festsaal im Wiener Rat"]
[Date "2013.08.20"]
[Round "4.19"]
[White "Zeller, Frank"]
[Black "Linster, Philippe"]
[Result "1/2-1/2"]
[WhiteElo "2244"]
[BlackElo "2419"]
[PlyCount "100"]
[EventDate "2013.??.??"]

1. e4 e5 2. Nf3 Nc6 3. Bc4 Nf6 4. Ng5 d5 5. exd5 Na5 6. d3 h6 7. Nf3 e4 8. Qe2
Nxc4 9. dxc4 Bc5 10. Nfd2 O-O 11. Nb3 Bg4 12. Qf1 Bb4+ 13. c3 Be7 14. h3 Bh5
15. g4 Bg6 16. Be3 Nd7 17. N1d2 Ne5 18. O-O-O b5 19. Nd4 Nd3+ 20. Kb1 bxc4 21.
Nc6 Qd7 22. Nxc4 Bf6 23. Rxd3 exd3 24. Qg2 Rfe8 25. Nd2 Bg5 26. Qf3 Bxe3 27.
fxe3 f5 28. Re1 f4 29. Qxf4 Qxd5 30. Nd4 Qg2 31. e4 Qxh3 32. Nf5 Rad8 33. Rg1
Rd7 34. a3 Rf7 35. Ka2 Bxf5 36. gxf5 Qh5 37. Rg3 g5 38. Qf1 Qe2 39. Qh3 Rf6 40.
Rxd3 Re7 41. Rd8+ Kg7 42. c4 Rd6 43. Qc3+ Kf7 44. Rxd6 cxd6 45. Qh8 Qxd2 46. f6
Rb7 47. Qg7+ Ke6 48. Qxb7 Kxf6 49. Qh7 Qf4 50. Qxh6+ Ke5 1/2-1/2

[Event "Vienna Chess Open 2013"]
[Site "Großer Festsaal im Wiener Rat"]
[Date "2013.08.20"]
[Round "4.20"]
[White "Semenova, Irina"]
[Black "Guido, Flavio"]
[Result "1-0"]
[WhiteElo "2418"]
[BlackElo "2240"]
[PlyCount "63"]
[EventDate "2013.??.??"]

1. e4 c5 2. Nf3 e6 3. d4 cxd4 4. Nxd4 Nf6 5. Nc3 d6 6. Be2 Be7 7. O-O O-O 8.
Kh1 a6 9. f4 Qc7 10. Bf3 Nc6 11. Be3 Rd8 12. Qe1 Nxd4 13. Bxd4 e5 14. Be3 exf4
15. Bxf4 Be6 16. Rd1 Nd7 17. Nd5 Bxd5 18. exd5 Bf6 19. c3 Re8 20. Qf2 Re7 21.
Rfe1 Rae8 22. Rxe7 Rxe7 23. Bg4 Ne5 24. Bf5 g6 25. Bxe5 Bxe5 26. Bd3 Qa5 27.
Bc4 Qa4 28. Bb3 Qb5 29. Qh4 Re8 30. Ba4 Qe2 31. Re1 Bf6 32. Bxe8 1-0

[Event "Vienna Chess Open 2013"]
[Site "Großer Festsaal im Wiener Rat"]
[Date "2013.08.20"]
[Round "4.21"]
[White "Manik, Mikulas"]
[Black "Pagerka, Martin"]
[Result "1-0"]
[WhiteElo "2243"]
[BlackElo "2413"]
[PlyCount "67"]
[EventDate "2013.??.??"]

1. e4 e5 2. Nf3 Nf6 3. Nxe5 d6 4. Nf3 Nxe4 5. d4 d5 6. Bd3 Be7 7. O-O Nc6 8. c4
Nb4 9. cxd5 Nxd3 10. Qxd3 Qxd5 11. Re1 Bf5 12. Nc3 Nxc3 13. Qxc3 Be6 14. Qxc7
Bd6 15. Qc2 O-O 16. Qe4 Rfc8 17. Bd2 Qh5 18. Qh4 Qxh4 19. Nxh4 Rc2 20. Bc3 Rc8
21. Rad1 Bg4 22. Rd3 b5 23. h3 Bd7 24. a3 Kf8 25. d5 Bc5 26. Rd2 Rxd2 27. Bxd2
Bd6 28. Nf3 Rc2 29. Bc3 Bf4 30. Bb4+ Kg8 31. g3 Bc1 32. Re7 Rc7 33. d6 Rb7 34.
Ne5 1-0

[Event "Vienna Chess Open 2013"]
[Site "Großer Festsaal im Wiener Rat"]
[Date "2013.08.20"]
[Round "4.22"]
[White "Mahdy, Khaled"]
[Black "Albadri, Abd Alsattar"]
[Result "1/2-1/2"]
[WhiteElo "2233"]
[BlackElo "2397"]
[PlyCount "32"]
[EventDate "2013.??.??"]

1. e4 e5 2. Nf3 Nf6 3. Nxe5 d6 4. Nf3 Nxe4 5. d4 d5 6. Bd3 Bd6 7. O-O O-O 8. c4
c6 9. Nc3 Nxc3 10. bxc3 dxc4 11. Bxc4 Bg4 12. h3 Bh5 13. Re1 Nd7 14. Bd3 Re8
15. Rxe8+ Qxe8 16. Bd2 Nf6 1/2-1/2

[Event "Vienna Chess Open 2013"]
[Site "Großer Festsaal im Wiener Rat"]
[Date "2013.08.20"]
[Round "4.23"]
[White "Ramondino, Renzo"]
[Black "Handler, Lukas"]
[Result "1/2-1/2"]
[WhiteElo "2393"]
[BlackElo "2205"]
[PlyCount "102"]
[EventDate "2013.??.??"]

1. e4 e5 2. Nf3 Nc6 3. Bb5 a6 4. Ba4 Nf6 5. O-O Be7 6. Re1 b5 7. Bb3 d6 8. c3
O-O 9. h3 Na5 10. Bc2 c5 11. d4 Qc7 12. d5 Bd7 13. b3 Nb7 14. a4 g6 15. Bh6
Rfb8 16. Nbd2 Ne8 17. g4 f6 18. Be3 Ng7 19. Kh2 Nd8 20. Rg1 Nf7 21. Qe2 Kh8 22.
Bd3 Qb7 23. b4 cxb4 24. axb5 Bxb5 25. Bxb5 Qxb5 26. c4 Qb7 27. Nb3 f5 28. gxf5
gxf5 29. Na5 Qd7 30. Nc6 Rg8 31. Qb2 fxe4 32. Ng5 Bxg5 33. Bxg5 Nxg5 34. Rxg5
Qf7 35. Rag1 Qf4+ 36. Kh1 Qf3+ 37. Kh2 Nh5 38. Nxe5 Qf4+ 39. R1g3 dxe5 40. Rxh5
Rae8 41. d6 Rg7 42. c5 e3 43. d7 Reg8 44. Rxe5 exf2 45. Reg5 f1=Q 46. Qxg7+
Rxg7 47. d8=Q+ Qf8 48. Qxf8+ Qxf8 49. Rxg7 Qxg7 50. Rxg7 Kxg7 51. c6 b3 1/2-1/2

[Event "Vienna Chess Open 2013"]
[Site "Großer Festsaal im Wiener Rat"]
[Date "2013.08.20"]
[Round "4.24"]
[White "Manea, Alexandru"]
[Black "Wittmann, Walter"]
[Result "1-0"]
[WhiteElo "2214"]
[BlackElo "2390"]
[PlyCount "39"]
[EventDate "2013.??.??"]

1. d4 d5 2. c4 e6 3. Nc3 Nf6 4. Nf3 dxc4 5. e4 Bb4 6. Bxc4 Nxe4 7. O-O Nxc3 8.
bxc3 Be7 9. Ne5 O-O 10. Qg4 c5 11. Bh6 Bf6 12. Bd3 cxd4 13. Qe4 Re8 14. Qxh7+
Kf8 15. Ng4 Nc6 16. Bc1 Qa5 17. a4 Qxc3 18. Ba3+ Nb4 19. Rfc1 Qd2 20. Rc7 1-0

[Event "Vienna Chess Open 2013"]
[Site "Großer Festsaal im Wiener Rat"]
[Date "2013.08.20"]
[Round "4.25"]
[White "Lewicki, Miroslaw"]
[Black "Milenkovic, Mladen"]
[Result "1-0"]
[WhiteElo "2390"]
[BlackElo "2188"]
[PlyCount "72"]
[EventDate "2013.??.??"]

1. e4 d5 2. exd5 Qxd5 3. Nc3 Qd6 4. d4 a6 5. g3 Nf6 6. Bg2 c6 7. Nge2 g6 8. O-O
Bg7 9. Na4 Qd8 10. c4 O-O 11. Qb3 Nbd7 12. Bf4 b5 13. Nac3 bxc4 14. Qxc4 Bb7
15. Qb4 Ra7 16. Rac1 Ba8 17. Bg5 h6 18. Bd2 a5 19. Qa3 Re8 20. Rfd1 e6 21. Na4
Nd5 22. Nc5 Nxc5 23. Qxc5 Qd7 24. Nc3 a4 25. Ne4 f5 26. Nc3 Rb8 27. Qc4 Rb4 28.
Qd3 Rxd4 29. Qe2 Qf7 30. Re1 e5 31. Nxd5 cxd5 32. Be3 e4 33. Qb5 Kh7 34. Qc5
Rd7 35. Bxd4 Bf8 36. Qa5 Qe8 1-0

[Event "Vienna Chess Open 2013"]
[Site "Großer Festsaal im Wiener Rat"]
[Date "2013.08.20"]
[Round "4.26"]
[White "Alvir, Aco"]
[Black "Arnold, Max"]
[Result "1/2-1/2"]
[WhiteElo "2151"]
[BlackElo "2383"]
[PlyCount "207"]
[EventDate "2013.??.??"]

1. e4 e5 2. Nf3 Nc6 3. Bb5 Nf6 4. Qe2 Bc5 5. c3 O-O 6. O-O Re8 7. d3 a6 8. Ba4
h6 9. Bb3 d5 10. Nbd2 dxe4 11. dxe4 Be6 12. Bc2 Nh5 13. Nb3 Bb6 14. Be3 Qf6 15.
Rfe1 Nf4 16. Bxf4 Qxf4 17. Nc1 Qf6 18. Bb3 Bg4 19. Nd3 Rad8 20. Red1 Bxf3 21.
Qxf3 Qxf3 22. gxf3 Rd6 23. Kf1 Kf8 24. Ba4 a5 25. Ke2 Ree6 26. Bxc6 Rxc6 27. a4
Ke7 28. Rac1 Rcd6 29. b3 c6 30. Rg1 g6 31. Nb2 Bc7 32. Nc4 Rd8 33. Rgd1 Rxd1
34. Rxd1 Ke8 35. b4 axb4 36. cxb4 Re7 37. b5 cxb5 38. axb5 Rd7 39. b6 Bd8 40.
Rb1 f6 41. Ne3 Kf7 42. Nd5 Rd6 43. Kd3 Rc6 44. Rb2 Ke6 45. Ra2 f5 46. Ra7 fxe4+
47. fxe4 Bxb6 48. Rxb7 Bxf2 49. Rh7 Rc8 50. Rxh6 Rg8 51. Rh7 Bd4 52. Ne7 Ra8
53. Nxg6 Ra3+ 54. Kc4 Rc3+ 55. Kb5 Kf6 56. Ne7 Rc2 57. Nd5+ Kg6 58. Rh4 Kg5 59.
Rh8 Re2 60. h4+ Kg6 61. Rg8+ Kh5 62. Kc6 Kxh4 63. Nf6 Ra2 64. Kd5 Ra6 65. Nd7
Ba1 66. Nc5 Ra5 67. Kc4 Bd4 68. Ne6 Ba1 69. Nc5 Bd4 70. Nd3 Ra3 71. Nb4 Ra5 72.
Nd5 Rc5+ 73. Kd3 Rc1 74. Ne7 Rc3+ 75. Kd2 Kh5 76. Nf5 Ra3 77. Ke2 Rb3 78. Rg7
Ra3 79. Kd2 Rb3 80. Ng3+ Kh6 81. Rg4 Ra3 82. Ke2 Re3+ 83. Kf1 Ra3 84. Rg8 Ra2
85. Nf5+ Kh5 86. Ke1 Rb2 87. Kd1 Ra2 88. Ng3+ Kh4 89. Rg7 Rb2 90. Nf1 Rf2 91.
Nd2 Bc3 92. Nc4 Bd4 93. Rg8 Rf4 94. Nd6 Bc5 95. Nf5+ Kh3 96. Rc8 Bd4 97. Nxd4
exd4 98. Re8 Kg4 99. Kd2 Rf3 100. e5 Re3 101. e6 Kf5 102. e7 Kf6 103. Rd8 Kxe7
104. Rxd4 1/2-1/2

[Event "Vienna Chess Open 2013"]
[Site "Großer Festsaal im Wiener Rat"]
[Date "2013.08.20"]
[Round "4.27"]
[White "Thurstan, Tim"]
[Black "Pirrot, Dieter"]
[Result "0-1"]
[WhiteElo "2377"]
[BlackElo "2177"]
[PlyCount "40"]
[EventDate "2013.??.??"]

1. f4 e5 2. fxe5 d6 3. exd6 Bxd6 4. Nf3 Nf6 5. d4 O-O 6. Qd3 Re8 7. Bg5 Nc6 8.
c3 h6 9. Bxf6 Qxf6 10. e4 Bf5 11. Nbd2 Qg6 12. O-O-O Rxe4 13. Qb5 Re3 14. Nc4
a6 15. Qb3 Rxf3 16. gxf3 Bf4+ 17. Rd2 Re8 18. Qd1 b5 19. Na3 Qe6 20. b3 Qe3 0-1

[Event "Vienna Chess Open 2013"]
[Site "Großer Festsaal im Wiener Rat"]
[Date "2013.08.20"]
[Round "4.28"]
[White "Lucaci, Marius"]
[Black "Barle, Janez"]
[Result "1-0"]
[WhiteElo "2363"]
[BlackElo "2161"]
[PlyCount "69"]
[EventDate "2013.??.??"]

1. e4 c5 2. Nf3 Nc6 3. d4 cxd4 4. Nxd4 g6 5. c4 Bg7 6. Be3 Nf6 7. Nc3 O-O 8.
Be2 b6 9. O-O Bb7 10. f4 d6 11. Bf3 Nxd4 12. Bxd4 Rc8 13. b3 Nd7 14. Bxg7 Kxg7
15. Qd4+ Kg8 16. Rad1 Nc5 17. f5 Nd7 18. fxg6 hxg6 19. Bg4 Rc5 20. Bxd7 Qxd7
21. Nd5 f6 22. Rf3 e5 23. Qf2 Bxd5 24. cxd5 Kg7 25. Rf1 Qe7 26. Qh4 Rcc8 27.
Qg4 Rc2 28. h4 Rxa2 29. h5 Qe8 30. h6+ Kh7 31. Rxf6 Rxf6 32. Rxf6 Ra1+ 33. Kh2
Kxh6 34. Qh4+ Kg7 35. Re6 1-0

[Event "Vienna Chess Open 2013"]
[Site "Großer Festsaal im Wiener Rat"]
[Date "2013.08.20"]
[Round "4.29"]
[White "Vavulin, Maxim"]
[Black "Villwock, Martin"]
[Result "1-0"]
[WhiteElo "2162"]
[BlackElo "2360"]
[PlyCount "113"]
[EventDate "2013.??.??"]

1. Nf3 g6 2. e4 Bg7 3. d4 d6 4. Bc4 e6 5. Qe2 a6 6. c3 Nd7 7. Nbd2 Ne7 8. Nf1
b6 9. Ng3 h6 10. O-O Bb7 11. Bb3 O-O 12. Bd2 c5 13. Rad1 cxd4 14. cxd4 Rc8 15.
Bb4 Nf6 16. e5 Ne8 17. Ne4 Bxe4 18. Qxe4 a5 19. Bc3 d5 20. Qe2 Nc7 21. Bc2 Qd7
22. Bb1 Ra8 23. h4 h5 24. g4 hxg4 25. Ng5 Nf5 26. Qxg4 Nb5 27. h5 Nxc3 28. bxc3
Bh6 29. Rd3 Qe7 30. Nh3 Qh4 31. Qxh4 Nxh4 32. Rg3 Kh7 33. Kh2 Nf5 34. Rg4 Rac8
35. Rfg1 Rg8 36. Bxf5 exf5 37. hxg6+ fxg6 38. Rh4 Kg7 39. Rg3 Bd2 40. Nf4 Bxf4
41. Rxf4 Rh8+ 42. Kg2 Kf7 43. Rff3 Rh4 44. Re3 f4 45. Ref3 Kg7 46. Rh3 Rxh3 47.
Kxh3 g5 48. Kg4 Kg6 49. Rh3 b5 50. Rh5 Rxc3 51. Rxg5+ Kf7 52. Kf5 Rc2 53. e6+
Ke7 54. Rg7+ Kd6 55. Rd7+ Kc6 56. Rd8 Re2 57. Kf6 1-0

[Event "Vienna Chess Open 2013"]
[Site "Großer Festsaal im Wiener Rat"]
[Date "2013.08.20"]
[Round "4.30"]
[White "Quaranta, Cristiano"]
[Black "Schwabeneder, Florian"]
[Result "1-0"]
[WhiteElo "2346"]
[BlackElo "2151"]
[PlyCount "93"]
[EventDate "2013.??.??"]

1. Nf3 Nf6 2. c4 c5 3. g3 Nc6 4. Bg2 g6 5. O-O Bg7 6. Nc3 O-O 7. d4 cxd4 8.
Nxd4 Nxd4 9. Qxd4 d6 10. Qd2 Rb8 11. b3 a6 12. Bb2 b5 13. Nd5 Nxd5 14. cxd5
Bxb2 15. Qxb2 b4 16. Qd4 Rb7 17. Rfc1 Bd7 18. Rc4 Qa5 19. Qe3 Rc8 20. Rh4 Qa3
21. Qh6 Qb2 22. Qxh7+ Kf8 23. Qh8+ Qxh8 24. Rxh8+ Kg7 25. Rxc8 Bxc8 26. Rc1 Bd7
27. e3 Kf6 28. f4 a5 29. Kf2 Ra7 30. Bf1 e5 31. dxe6 Bxe6 32. Bb5 Rb7 33. Ba4
Bd5 34. Ke2 Ke6 35. Bc6 Bxc6 36. Rxc6 a4 37. e4 axb3 38. axb3 Kd7 39. Rc4 Ke6
40. Rc6 f6 41. h4 Kd7 42. Rc4 f5 43. Kf3 Ke6 44. g4 fxg4+ 45. Kxg4 Rb5 46. Rd4
Rb8 47. Kg5 {Kd5} 1-0

[Event "Vienna Chess Open 2013"]
[Site "Großer Festsaal im Wiener Rat"]
[Date "2013.08.20"]
[Round "4.31"]
[White "Berndt, Matthias"]
[Black "Deglmann, Ludwig"]
[Result "0-1"]
[WhiteElo "2332"]
[BlackElo "2139"]
[PlyCount "78"]
[EventDate "2013.??.??"]

1. e4 e6 2. d3 d5 3. Nd2 c5 4. Ngf3 Nc6 5. g3 g6 6. Bg2 Bg7 7. O-O Nge7 8. Re1
b6 9. h4 h6 10. Nf1 a5 11. a4 Ra7 12. e5 Ba6 13. N1h2 h5 14. Bf4 Qb8 15. Qd2 b5
16. axb5 Bxb5 17. g4 a4 18. Bg3 Nd4 19. Nxd4 cxd4 20. Nf3 Qb6 21. gxh5 Rxh5 22.
Bh3 Nc6 23. Bg4 Rh8 24. h5 gxh5 25. Qg5 Bf8 26. Bxh5 Nb4 27. Re2 Qc5 28. Kg2
Nxc2 29. Rh1 Bxd3 30. Rd2 Be4 31. Qf6 Rxh5 32. Rxh5 Ne1+ 33. Kh3 Nxf3 34. Rd1
Qc2 35. Rh8 Qxd1 36. Qg7 Ng5+ 37. Qxg5 Qh1+ 38. Bh2 Qf3+ 39. Bg3 Qf5+ 0-1